| 000 | 00502nam a2200157 4500 | ||
|---|---|---|---|
| 001 | 122015 | ||
| 003 | ES-MaACL | ||
| 007 | t| | ||
| 008 | 070214s1953 sp r ||||1| spa d | ||
| 100 | 1 |
_aPost, Mary Brinker. _993352 |
|
| 245 | 1 | 0 |
_aAnnie Jordan _b: una novela de la ciudad de Seattle / _cMary Brinker Post ; versión española de Alfredo Antonino. |
| 260 |
_aMadrid : _bTesoro, _c1953. |
||
| 300 |
_a343 p. ; _c20 cm. |
||
| 700 | 1 |
_aAntonino, Alfredo. _921973 |
|
| 852 |
_aES-MaACL _jC-7327 _bR.35644 |
||
| 999 |
_c122015 _d122015 |
||